<?xml version="1.0" encoding="UTF-8"?>
<record
    xmlns:xsi="http://www.w3.org/2001/XMLSchema-instance"
    xsi:schemaLocation="http://www.loc.gov/MARC21/slim http://www.loc.gov/standards/marcxml/schema/MARC21slim.xsd"
    xmlns="http://www.loc.gov/MARC21/slim">

  <leader>02994nam a2200337 i 4500</leader>
  <controlfield tag="003">CSPC</controlfield>
  <controlfield tag="005">20260316101716.0</controlfield>
  <controlfield tag="008">260311s2024    at a          001 0 eng d</controlfield>
  <datafield tag="020" ind1=" " ind2=" ">
    <subfield code="a">9781394173440</subfield>
  </datafield>
  <datafield tag="040" ind1=" " ind2=" ">
    <subfield code="a">CSPC</subfield>
    <subfield code="b">eng</subfield>
    <subfield code="c">CSPC</subfield>
    <subfield code="e">rda</subfield>
  </datafield>
  <datafield tag="050" ind1="0" ind2="0">
    <subfield code="a">HF5667</subfield>
    <subfield code="b">.L486 2024</subfield>
  </datafield>
  <datafield tag="082" ind1="0" ind2="0">
    <subfield code="a">657.45 </subfield>
    <subfield code="b">L572a</subfield>
    <subfield code="2">23</subfield>
  </datafield>
  <datafield tag="100" ind1="1" ind2=" ">
    <subfield code="a">Leung, Philomena, </subfield>
    <subfield code="e">author.</subfield>
  </datafield>
  <datafield tag="245" ind1="1" ind2="0">
    <subfield code="a">Audit and assurance / </subfield>
    <subfield code="c">Philomena Leung, [and 4 others]. </subfield>
  </datafield>
  <datafield tag="250" ind1=" " ind2=" ">
    <subfield code="a">Second edition. </subfield>
  </datafield>
  <datafield tag="264" ind1=" " ind2="1">
    <subfield code="a">Brisbane, Australia : </subfield>
    <subfield code="b">John Wiley &amp; Sons Australia, Ltd, </subfield>
    <subfield code="c">2024.</subfield>
  </datafield>
  <datafield tag="300" ind1=" " ind2=" ">
    <subfield code="a">xv, 505 pages : </subfield>
    <subfield code="b">illustrations ; </subfield>
    <subfield code="c">28 cm. </subfield>
  </datafield>
  <datafield tag="336" ind1=" " ind2=" ">
    <subfield code="2">rdacontent</subfield>
    <subfield code="a">text</subfield>
  </datafield>
  <datafield tag="337" ind1=" " ind2=" ">
    <subfield code="2">rdamedia </subfield>
    <subfield code="a">unmediated</subfield>
  </datafield>
  <datafield tag="338" ind1=" " ind2=" ">
    <subfield code="2">rdacarrier</subfield>
    <subfield code="a">volume</subfield>
  </datafield>
  <datafield tag="500" ind1=" " ind2=" ">
    <subfield code="a">Includes index. </subfield>
  </datafield>
  <datafield tag="505" ind1="0" ind2=" ">
    <subfield code="a">Auditing and governance -- Sustainability and contemporary assurance engagements -- Financial report audits -- Ethics and client evaluation -- Understanding the client and their risk -- Planning the audit in response in response to risk -- Testing controls -- Gathering substantive evidence -- Analytics in substantive procedures -- Completing the audit -- Reporting on the audit -- Regulations and audit liability. </subfield>
  </datafield>
  <datafield tag="520" ind1=" " ind2=" ">
    <subfield code="a">"Audit and Assurance,2nd edition, is written for courses in auditing and assurance at undergraduate, postgraduate and professional levels. The practice of auditing is explained in the context of auditing theory, concepts and current practice, with appropriate reference to he Australian auditing standards and the respective international standards on auditing. Auditors play a vital role in the current economic environment, with increasing responsibility for ensuring market integrity. The development of auditing practice reflects how the accounting profession responds to the complex demands of information, competition, corporate failures and technology. Auditing continues to evolve in response to the changing business and regulatory landscape to maintain its relevance and importance. This text is a comprehensive guide to the development and practice of financial report auditing, with an authoritative insight into the fundamental role of auditors more broadly, and the contemporary influences on audit practice. This new edition has been refreshed with a strong focus on technology and contemporary assurance issues. Chapters and topics have been re-sequenced to reflect the practical process of conducting a financial report audit, while still retaining an important theoretical grounding, allowing students to understand why processes are the way they are so that they can be more adaptive and work-ready"-- Preface of the book.</subfield>
  </datafield>
  <datafield tag="650" ind1=" " ind2="0">
    <subfield code="a">Auditing.</subfield>
  </datafield>
  <datafield tag="700" ind1="1" ind2=" ">
    <subfield code="a">Coram, Paul, </subfield>
    <subfield code="e">author.</subfield>
  </datafield>
  <datafield tag="700" ind1="1" ind2=" ">
    <subfield code="a">Cooper, Barry J.,</subfield>
    <subfield code="e">author.</subfield>
  </datafield>
  <datafield tag="700" ind1="1" ind2=" ">
    <subfield code="a">Redgen, Kirsty, </subfield>
    <subfield code="e">author.</subfield>
  </datafield>
  <datafield tag="700" ind1="1" ind2=" ">
    <subfield code="a">Canestrari- Soh, Dominic, </subfield>
    <subfield code="e">author.</subfield>
  </datafield>
  <datafield tag="942" ind1=" " ind2=" ">
    <subfield code="2">ddc</subfield>
    <subfield code="n">0</subfield>
    <subfield code="c">BK</subfield>
    <subfield code="h">657.45 </subfield>
    <subfield code="i">L572a</subfield>
    <subfield code="k">CIR</subfield>
    <subfield code="m">2024</subfield>
    <subfield code="e">23</subfield>
  </datafield>
  <datafield tag="952" ind1=" " ind2=" ">
    <subfield code="0">0</subfield>
    <subfield code="1">0</subfield>
    <subfield code="2">ddc</subfield>
    <subfield code="4">0</subfield>
    <subfield code="7">0</subfield>
    <subfield code="a">CSPC</subfield>
    <subfield code="b">CSPC</subfield>
    <subfield code="c">CIR</subfield>
    <subfield code="d">2026-03-11</subfield>
    <subfield code="l">0</subfield>
    <subfield code="o">CIR 657.45 L572a 2024</subfield>
    <subfield code="p">031356</subfield>
    <subfield code="r">2026-03-11 14:39:16</subfield>
    <subfield code="t">1-1</subfield>
    <subfield code="w">2026-03-11</subfield>
    <subfield code="y">BK</subfield>
  </datafield>
  <datafield tag="999" ind1=" " ind2=" ">
    <subfield code="c">32033</subfield>
    <subfield code="d">32033</subfield>
  </datafield>
</record>
